UEFA Nations League Spain-Germany Lineups - Statistics

General Stats
  • This quiz has been taken 12 times
  • The average score is 16 of 31
Answer Stats
Germany % Correct
Neuer
100%
Kroos
83%
Ramos
83%
Torres
83%
Torres
83%
Gnabry
75%
Goretzka
75%
Morata
75%
Werner
75%
Sane
67%
Simon
67%
Sule
67%
Koch
50%
Rodri
50%
Asensio
42%
Gundogan
42%
Koke
42%
Oyarzabal
42%
Tah
42%
Gaya
33%
Ginter
33%
Moreno
33%
Olmo
33%
Roberto
33%
Ruiz
33%
Garcia
25%
Max
25%
Canales
17%
Henrichs
17%
Neuhaus
17%
Waldschmidt
8%
No matching quizzes found
Score Distribution
Percent of People with Each Score
Percentile by Number Answered
Your Score History
You have not taken this quiz